Expansión económica de EE. UU. /
Gorde:
| Egile nagusia: | |
|---|---|
| Formatua: | Texto |
| Etiketak: |
Etiketa erantsi
Etiketarik gabe, Izan zaitez lehena erregistro honi etiketa jartzen!
|
MARC
| LEADER | 00000 a a2200000 04500 | ||
|---|---|---|---|
| 001 | 11128 | ||
| 003 | |||
| 040 | |||
| 100 | |a Zimenkov, Rudolf | ||
| 245 | |a Expansión económica de EE. UU. / |c Rudolf Zimenkov | ||
| 773 | |g número 4; páginas 101-120 | ||
| 999 | |c 31853 |d 31853 | ||
